A computational theory of Laurent polynomial rings and multidimensional FIR systems /
Guardado en:
| Otros Autores: | |
|---|---|
| Formato: | Manuscrito |
| Idioma: | English |
| Publicado: |
1995.
|
| Etiquetas: |
Agregar Etiqueta
Sin Etiquetas, Sea el primero en etiquetar este registro!
|
| LEADER | 00673ntm a22001695a 4500 | ||
|---|---|---|---|
| 001 | MAT.inmabb004798 | ||
| 008 | 080214s1995####caua#####bm###000#0#eng#d | ||
| 005 | 20160318153647.0 | ||
| 245 | 1 | 2 | |a A computational theory of Laurent polynomial rings and multidimensional FIR systems / |c by Hyung-Ju Park. |
| 260 | |c 1995. | ||
| 300 | |a viii, 126 p. : |b il. ; |c 28 cm. | ||
| 502 | |a Tesis (Ph. D. in mathematics)--University of California, Berkeley, 1995. | ||
| 504 | |a Bibliografía : p. 121-126. | ||
| 100 | 1 | |a Park, Hyung-Ju. |4 dis | |
| 710 | 2 | |a University of California, Berkeley. |4 dgg. | |
| 084 | |a 13AXX (13G05 13J05 94AXX 94A12 13PXX 13P10) |2 msc2000 | ||
| 859 | |h 13 |i P235 |p A-8346 |b BIB. MATEMATICA | ||
